Statistics for Promiscuous - Nelly Furtado Feat. Timbaland - All Lyrics

Click here to take the quiz!

General Stats

  • This quiz has been taken 37 times
  • The average score is 389 of 590

Answer Stats

Answer% Correct
I
100%
You
100%
you
100%
you,
100%
a
97%
do
88%
Do
88%
girl,
88%
Girl,
88%
girl
88%
I’m
88%
I'm
88%
I'ma
88%
me
88%
me,
88%
want,
88%
want
88%
your
88%
All
85%
all
85%
Promiscuous
85%
the
85%
you're
85%
You’re
85%
Boy,
82%
boy,
82%
go
82%
it?
82%
it,
82%
it
82%
know
82%
(Know)
82%
that
82%
That
82%
Hey,
79%
in
79%
Where
79%
and
76%
for?
76%
for
76%
got
76%
so
76%
So
76%
teasin'
76%
what
76%
What
76%
are
73%
my
73%
need
73%
on
73%
on?
73%
Shh,
73%
to
73%
alone,
70%
Get
70%
get
70%
How
70%
it's
70%
It’s
70%
no
70%
wait
70%
Wait,
70%
be
67%
can
67%
Don't
67%
Don’t
67%
don't
67%
Is
67%
is
67%
wherever
67%
doin',
64%
if
64%
If
64%
of
64%
But
61%
but
61%
lady?
61%
waitin'
61%
we
61%
crazy
58%
(Hand)
58%
hand
58%
see
58%
this
58%
daytime
55%
just
55%
with
55%
Let
52%
let
52%
like
52%
one
52%
out
52%
right
52%
right?
52%
time
52%
will
52%
young
52%
already
48%
at?
48%
at
48%
handle
48%
lookin'
48%
play
48%
really
48%
yours,
48%
big
45%
call
45%
can't
45%
drivin'
45%
everybody
45%
let's
45%
mad,
45%
mean
45%
name
45%
night
45%
still
45%
take
45%
They
45%
baby,
42%
does
42%
else
42%
feelin'
42%
Feelin'
42%
gon'
42%
kind
42%
myself
42%
off
42%
say
42%
some
42%
wanna
42%
'bout
39%
bring
39%
Bring
39%
callin'
39%
'Cause
39%
‘Cause
39%
down,
39%
down
39%
drives
39%
first
39%
her
39%
I'll
39%
I’ll
39%
makin'
39%
mind
39%
team
39%
think
39%
treat
39%
way
39%
we're
39%
world,
39%
about
36%
come
36%
curious
36%
gotta
36%
have
36%
help
36%
hit
36%
point
36%
red,
36%
somethin'
36%
try,
36%
t-shirt
36%
blue
33%
by
33%
expect
33%
last
33%
lost
33%
minute
33%
nothin'
33%
okay,
33%
place
33%
respect
33%
ring
33%
Roses
33%
things
33%
tired
33%
What's
33%
admit
30%
ain't
30%
alright
30%
chance
30%
(Chance)
30%
Crown
30%
cute
30%
givin'
30%
harm
30%
kinda
30%
lonely,
30%
(Low)
30%
low
30%
might
30%
or
30%
ready?
30%
roll,
30%
same
30%
seem
30%
talk
30%
that'll
30%
walk
30%
attention
27%
before
27%
cards
27%
Chivalry
27%
dead,
27%
diamonds
27%
end
27%
freak,
27%
guard
27%
keep
27%
light?
27%
more
27%
M.V.P
27%
nobody
27%
Pay
27%
planet
27%
problem?
27%
runnin',
27%
shouldn't
27%
those
27%
through?
27%
trash?
27%
find
24%
game,
24%
game
24%
games
24%
innocent
24%
player
24%
Steve
24%
talkin'
24%
was
24%
brain
21%
inside
21%
lay
21%
level,
21%
loss
21%
Nash?
21%
only
21%
spoke
21%
Thomas,
21%
truth
21%
tryna
21%
type
21%
words
21%
work
21%
gimme
18%
health
18%
Recognize
18%
choke
15%
dope,
15%
mine's
9%

Score Distribution

Percentile by Number Answered

Percent of People with Each Score

Your Score History

You have not taken this quiz